| Поле | Инд. | ПП | Название | Значение |
|---|---|---|---|---|
| Тип записи | a | |||
| Библиографический уровень | m | |||
| 001 | Контрольный номер | RU/IS/BASE/314975078 | ||
| 005 | Дата корректировки | 20150513113621.1 | ||
| 020 | a | ISBN | 978-5-238-01325-1 | |
| 040 | a | Служба первич. каталог. | НБ ТвГУ | |
| b | Код языка каталог. | rus | ||
| e | Правила каталог. | PSBO | ||
| 041 | 0_ | a | Код языка текста | rus |
| 080 | a | Индекс УДК | 330.4(075.8) | |
| 084 | a | Индекс другой классификации/Индекс ББК | У.в631я73-1 | |
| 090 | a | Полочн. индекс | У.в631 | |
| x | Авторский знак | М 34 | ||
| 245 | 10 | a | Заглавие | Математические методы и модели исследования операций |
| b | Продолж. заглавия | учебник для студентов вузов, обучающихся по специальности 080116 "Математические методы в экономике" и другим экономическим специальностям | ||
| c | Ответственность | под ред. д.э.н., проф. В. А. Колемаева | ||
| 260 | a | Место издания | Москва | |
| b | Издательство | ЮНИТИ | ||
| c | Дата издания | 2009 | ||
| 300 | a | Объем | 591, [1] с. | |
| b | Иллюстрации/ тип воспроизводства | табл. | ||
| 500 | a | Примечание | Авт. указаны на 5-й с. | |
| 504 | a | Библиография | Библиогр. в конце гл. | |
| 520 | a | Аннотация | Представлены математические методы исследования и модели экономических объектов и процессов, предназначенные (методы и модели) для обоснования и выработки управляющих решений как в детерминированных условиях, так и в условиях полной или частичной неопределенности, а также в динамике. Приводятся примеры и задачи, развивающие навыки принятия управленческих решений в экономике с применением математических методов. | |
| Д | ля студентов, обучающихся по специальности 080116 "Математические методы в экономике" и другим экономическим специальностям, магистрантов, аспирантов и слушателей экономического послевузовского образования, а также преподавателей. | |||
| 650 | a | Основная рубрика | Экономика | |
| x | Основная подрубрика | Математические методы и модели | ||
| x | Основная подрубрика | Учебники для вузов | ||
| 650 | 14 | a | Основная рубрика | Математическая экономика |
| 650 | 14 | a | Основная рубрика | Экономико-математические методы и модели |
| 653 | a | Ключевые слова | Актуарная математика | |
| a | Ключевые слова | Исследование операций | ||
| a | Ключевые слова | Математическая экономика | ||
| a | Ключевые слова | Математические методы в экономике | ||
| a | Ключевые слова | Математические методы принятия решений | ||
| a | Ключевые слова | Принятие решений | ||
| a | Ключевые слова | Финансовая математика | ||
| a | Ключевые слова | Экономика | ||
| a | Ключевые слова | Экономико-математические методы | ||
| a | Ключевые слова | Экономико-математические модели | ||
| 700 | a | Другие авторы | Колемаев Владимир Алексеевич | |
| q | Полное имя | Колемаев, В. А. | ||
| 700 | 1_ | a | Другие авторы | Гатауллин Тимур Малютович |
| q | Полное имя | Гатауллин, Т. М. | ||
| 700 | 1_ | a | Другие авторы | Заичкин Николай Иванович |
| q | Полное имя | Заичкин, Н. И. | ||
| 700 | 1_ | a | Другие авторы | Малыхин Вячеслав Иванович |
| q | Полное имя | Малыхин, В. И. | ||
| 910 | a | гриф есть** | ||
| 920 | a | Оператор | Густ | |
| 930 | a | Новая/Ретро | учебники | |
| 952 | c | Вид литературы | К ру | |
| 954 | a | Дата поступления на обработку | 20100125 |